Convergence of technology for rapid & sustainable development in rubber industry, Hasetri (Record no. 56355)

MARC details
000 -LEADER
fixed length control field 00402nam a2200133Ia 4500
100 ## - MAIN ENTRY--AUTHOR NAME
Personal name Mukhopadhyay R
245 #0 - TITLE STATEMENT
Title Convergence of technology for rapid & sustainable development in rubber industry, Hasetri
260 ## - PUBLICATION, DISTRIBUTION, ETC. (IMPRINT)
Name of publisher Indian Rubber Journal
Year of publication 2008
300 ## - PHYSICAL DESCRIPTION
Number of Pages 60-65
650 ## - SUBJECT ADDED ENTRY--TOPICAL TERM
Topical Term Rubber industry
650 ## - SUBJECT ADDED ENTRY--TOPICAL TERM
Topical Term Sustainable development
942 ## - ADDED ENTRY ELEMENTS (KOHA)
Koha item type Journals
Holdings
Withdrawn status Lost status Damaged status Not for loan Home library Current library Shelving location Date acquired Serial Enumeration / chronology Koha item type
      Journals RRII Library RRII Library Rubber general 04/06/2008 Volume 114, Issue Ma-Ap Journals